Les sabres de One Piece - Statistiques

Statistiques générales
  • Ce quiz a été pris 93 fois
    89 depuis la dernière actualisation
  • Le résultat moyen est 7 sur 14
Statistiques - réponses
Hint Réponse % Correct
Sabre de Zoro (Arbre reçu en échange du précédent) Enma
95%
Sabre de Zoro (ancien sabre de kuina) Wadô Ichimonji
82%
Lame de Roger Ace
73%
Sabre de Zoro (offert par le vendeur de Loguetown) Sandai Kitetsu
73%
Sabre de Zoro (offert par le vendeur de Loguetown) Yubashiri
68%
Lame de Shanks Griffon
63%
Lame de Mihawk Kokuto Yoru
47%
Sabre « jumeau » de ce dernier Ame no Habakiri
35%
Les 21 grandes lames Ô Wazamono
32%
Lame de Cavendish Durandal
30%
Sabre de Zoro (Ancien sabre de Ryuma) Shuusui
28%
Lame de Barbe Blanche Murakumogiri
27%
Les 12 lames de premier rangs Saijo Ô Wazamono
22%
Les 50 lames de qualités supérieur Ryo Wazamono
15%
Aucun quiz correspondant
Distribution des résultats
% des personnes avec chaque résultat
Percentile par nombre de réponses
Votre historique - résultats
Vous n’avez pas pris ce quiz depuis la dernière actualisation